000
00344nam a2200145Ia 4500
008
150201s1987 xx 000 0 und d
082
_a
617.645
_b
D1987M
100
_a
MCDONALD
245
_a
DENTISTRY FOR CHILD & ADOLSCENT
250
_a
5TH
260
_b
MOSBY
_a
NEW DELHI
_c
1987
300
_a
1-937
650
_a
PEDODONTICS
942
_2
ddc
_c
BK
999
_c
3204
_d
3204